00564nam a2200169Ia 4500001000700000003000500007008004100012010001100053040000900064100002700073245012900100260004100229300000900270502007600279650001300355650002600368Z_1837CHAP220113s1997 xx 000 0 und d a164931 cCHAP aCorona Pacheco, Miguel aAspectos técnicos involucrados en la cría del venado cola blanca (Odocoileus virginianus) /cpor Miguel Corona Pacheco aChapingo, Méx. :bEl autor,c1997 a96 h aTesis (Ing. Agr. Esp. en Zootecnia) -- UACH. Departamento de Zootecnia aVenados  aVenadosxProducción